| 000 | 00847nam a22002057a 4500 | ||
|---|---|---|---|
| 999 |
_c2519 _d2519 |
||
| 003 | AR-CdUCM | ||
| 008 | 190304b ||||| |||| 00| 0 spa d | ||
| 040 |
_aMUNICIPALIDAD PROVINCIAL DEL CUSCO _cBIBLIOTECA MUNICIPAL DEL CUSCO |
||
| 082 |
_a338.91 / _bM99 |
||
| 100 |
_aMyrdal, Gunnar _98029 |
||
| 245 | _aEl estado del futuro / | ||
| 260 |
_aMéxico : _bFondo de Cultura Económica, _c1971. |
||
| 300 |
_a295 paginas ; _c16 cm. |
||
| 505 | _aContenido :Una controversia anticuada y confusa -- La tendencia hacia la planificación -- Repercusiones internacionales de la planificación nacional -- La caída del patrón oro -- Planificación para el desarrollo ... | ||
| 650 |
_aPolítica económica _91407 |
||
| 650 |
_aRelaciones económicas internacionales _94074 |
||
| 650 |
_aHistoria economica _913 |
||
| 942 |
_2ddc _cLIBROS |
||
| 945 | _arum | ||